Odborná angličtina 1 /

Hlavní autor: Wolfová, Markéta, 1976-
Korporativní autor: Inovace profesních zdravotnických programů na OU (projekt)
Další autoři: Ostravská univerzita. Lékařská fakulta
Jazyk: Čeština
Angličtina
Vydáno: Ostrava : Ostravská univerzita v Ostravě, 2011
Vydání: Vyd. 1.
Témata:
Fyzický popis: 64 s. : il. ; 30 cm
Knihy
Uloženo v:
LEADER 01990nam a2200517 a 4500
001 nkc20122372985
003 CZ PrNK
005 20120711060829.0
007 ta
008 120612s2011 xr a e p 000 0 cze
015 |a cnb002372985 
020 |a 978-80-7464-090-2  |q (brož.) :  |c neprodejné 
035 |a (OCoLC)806199926 
040 |a BOA001  |b cze  |d ABA001 
041 0 |a cze  |a eng 
072 7 |a 811.111  |x Angličtina  |2 Konspekt  |9 11 
072 7 |a 37.016  |x Učební osnovy. Vyučovací předměty. Učebnice  |2 Konspekt  |9 22 
080 |a 811.111  |2 MRF 
080 |a 614.2  |2 MRF 
080 |a 81'373.46  |2 MRF 
080 |a (075.8)  |2 MRF 
100 1 |a Wolfová, Markéta,  |d 1976-  |7 mzk2012704106  |4 aut 
245 1 0 |a Odborná angličtina 1 /  |c Markéta Wolfová 
246 1 |i Vydáno v rámci projektu:  |a Inovace profesních zdravotnických programů na Ostravské univerzitě 
250 |a Vyd. 1. 
260 |a Ostrava :  |b Ostravská univerzita v Ostravě,  |c 2011 
300 |a 64 s. :  |b il. ;  |c 30 cm 
500 |a V tiráži nad názvem: Ostravská univerzita v Ostravě, Lékařská fakulta 
500 |a 60 výt. 
504 |a Obsahuje bibliografie 
521 8 |a Určeno pro studenty nelékařských zdravotnických oborů LF OU 
650 0 7 |a angličtina  |7 ph114056  |2 czenas 
650 0 7 |a zdravotnictví  |7 ph127574  |2 czenas 
650 0 7 |a oborová terminologie  |7 ph138998  |2 czenas 
650 0 9 |a English language  |2 eczenas 
650 0 9 |a health service  |2 eczenas 
650 0 9 |a terminology (professional)  |2 eczenas 
655 7 |a učebnice vysokých škol  |7 fd133772  |2 czenas 
655 9 |a textbooks (higher)  |2 eczenas 
710 2 |a Inovace profesních zdravotnických programů na OU (projekt)  |7 osa2012689054 
710 2 |a Ostravská univerzita.  |b Lékařská fakulta  |7 kn20110309001 
910 2 |a BOA001  |b 4-1287.683 
990 |a BK 
995 |a 01 
991 |b 201206  |c NOV  |e n 
996 6 |b 2610514208  |c 4-1287.683  |l MZK  |r Sklad / do 1 hodiny  |n 0  |p p.v.  |w 001257089  |u 000010  |a 1  |e BOA001  |j MZK50  |s P